000 01294nam a22003017a 4500
005 20240530110344.0
008 141125s2009 ua fr 000 0 ara d
017 _a11042/2009
_bمصر . دار الكتب المصرية
020 _a9771806343
040 _aEG-CaGPL
041 0 _aara
082 0 4 _221
_a962\
_bق/ر ك
100 0 _aرءوف عباس حامد
245 1 0 _aكتابة تاريخ مصر الى اين :
_bازمة المنهج ورؤى نقدية /
_cتاليف رءوف عباس حامد ؛ اعداد ناصر احمد ابراهيم
260 _aالقاهرة :
_bدار الكتب والوثائق القومية ،
_c2009
300 _a354 ص ؛
_c24 سم
650 0 4 _aالتأريخ
650 0 4 _aالارشيف البريطانى
650 0 4 _aالارشيف الامريكى
651 0 4 _aمصر
_xتاريخ
_yالعصر الحديث
651 0 4 _aمصر
_xتاريخ
_xوثائق
_yالعصر الحديث
651 0 4 _aمصر
_xتاريخ
_xوثائق
_yالعصر الحديث
_yثورة 1952
651 0 4 _aمصر
_xتاريخ
_xالثورات
651 0 4 _aمصر
_xتاريخ
_yالعصر الحديث
_yثورة 1952
700 0 _aناصر احمد ابراهيم
_eمعد
942 _2ddc
_cBK
999 _c59934
_d59934